Teuerste Transfers von Schalke 04 (Verkäufe) - Statistiken

Allgemein
  • Dieses Quiz wurde 748 mal gespielt
    442 seit der letzten Aktualisierung
  • Das Durchschnittsergebnis liegt bei 13 aus 28
Antwortstatistiken
Ablöse
(in Mio)
Saison Neuer Verein Spieler % Korrekt
52 16/17 ManCity Leroy Sane
99%
43 15/16 Wolfsburg Julian Draxler
98%
30 11/12 Bayern Manuel Neuer
97%
37 18/19 PSG Thilo Kehrer
88%
20,5 21/22 Juventus Weston McKennie
87%
8,6 22/23 AC Mailand Malick Thiaw
85%
10 24/25 RB Leipzig Assan Ouedraogo
79%
11 19/20 Gladbach Breel Embolo
73%
5 23/24 Marseille Amine Harit
68%
8 21/22 Hertha Suat Serdar
68%
5 23/24 Braga Rodrigo Zalazar
66%
5 18/19 Lok. Moskau Benedikt Höwedes
65%
3,5 21/22 RCD Mallorca Matthew Hoppe
55%
7 22/23 Hoffenheim Ozan Kabak
46%
7 15/16 Al-Jazira Jefferson Farfan
45%
5 07/08 Bremen Mesut Özil
34%
7,5 10/11 Hamburg Heiko Westermann
29%
8 10/11 Genua Rafinha
28%
3,5 05/06 Besiktas Aílton
19%
5 07/08 Galatasaray Lincoln
17%
6,5 15/16 Leverkusen Kyriakos Papadopoulos
16%
4 09/10 Eindhoven Orlando Engelaar
15%
6 14/15 Hoffenheim Adam Szalai
14%
4,5 08/09 Besiktas Fabian Ernst
14%
4,3 98/99 AC Mailand Jens Lehmann
14%
3,5 00/01 Bordeaux Marc Wilmots
13%
4 05/06 Wolfsburg Mike Hanke
7%
3,5 07/08 Leverkusen Sebastian Boenisch
5%
Keine übereinstimmenden Quizze gefunden
Verteilung der Resultate
Anzahl Personen mit jedem Resultat
Perzentil nach korrekt beantworteten Fragen
Ihre Resultats-Entwicklung
Sie haben dieses Quiz seit der letzten Aktualisierung nicht gespielt